01055nam a22003017a 450000500170000000800410001702000180005802000150007603500210009104000500011204100080016206000110017024500840018126000440026530000390030950400410034865000240038965000360041365000370044965000410048665000360052770000330056370000360059670000250063270000270065770000350068470000340071920180601164027.0151026s2006 ck a fr 000 0 spa d a9789588252285 a9588252288 a(OCoLC)822575780 aCO-BoUCMbengcSandra PalaciodSandra Palacio0 aspa00aWM 10500aTemas en psicología clínica cAna Rita Russo de Sánchez [y otros autores] aBarranquilla (Colombia)bUninortec2006 axiii, 181 páginasbilustraciones aIncluye referencias bibliográficas 7aPsicodiagnóstico  7aPruebas psicológicas xPadres 7aPruebas psicológicas xParejas 7aPruebas psicológicas para niños  7aDolor xAspectos psicológicos1 aRusso de Sánchez, Ana Rita1 aBarón Buitrago, Olga Patricia1 aMendoza Raad, Astrid1 aFerrer Botero, Alberto1 aVanegas Osorio, Jorge Humberto1 aVentura de Chapaval, Mónica